Chiết tách axit (-)-hyđroxy citric từ vỏ quả bứa bằng vi sóng /
Guardado en:
| Autor principal: | |
|---|---|
| Otros Autores: | , , |
| Formato: | Artículo |
| Lenguaje: | Vietnamese |
| Etiquetas: |
Agregar Etiqueta
Sin Etiquetas, Sea el primero en etiquetar este registro!
|
| Thư viện lưu trữ: | Thư viện Trường Đại học Đà Lạt |
|---|
| LEADER | 00798nam a2200265 4500 | ||
|---|---|---|---|
| 001 | DLU150168764 | ||
| 005 | ##20150413 | ||
| 040 | # | # | |a DLU |b vie |
| 041 | # | # | |a vie |
| 044 | # | # | |a vn |
| 100 | # | # | |a Đặng Quang Vinh. |
| 245 | # | # | |a Chiết tách axit (-)-hyđroxy citric từ vỏ quả bứa bằng vi sóng / |c Đặng Quang Vinh, ...[và những người khác]. |
| 700 | # | # | |a Đào Hùng Cường. |
| 700 | # | # | |a Huỳnh Sang. |
| 700 | # | # | |a Nguyễn Thưởng. |
| 773 | # | # | |t Hóa học |g Số 2, 2010, tr. 233-238 |
| 920 | # | # | |a Phòng Tạp chí -- Trung tâm Thông tin - Thư viện Trường Đại học Đà Lạt |
| 994 | # | # | |a DLU |
| 900 | # | # | |a True |
| 911 | # | # | |a Hoàng Thị Huyền |
| 925 | # | # | |a G |
| 926 | # | # | |a A |
| 927 | # | # | |a BB |
| 980 | # | # | |a Thư viện Trường Đại học Đà Lạt |